|
|
|
|
| LEADER |
00000nam2a2200000 4500 |
| 001 |
247876 |
| 005 |
20231101232334.0 |
| 035 |
|
|
|a (RuTPU)RU\TPU\book\269495
|
| 035 |
|
|
|a RU\TPU\book\250369
|
| 090 |
|
|
|a 247876
|
| 100 |
|
|
|a 20140115d2012 k y0rusy50 ca
|
| 101 |
0 |
|
|a rus
|
| 102 |
|
|
|a RU
|
| 105 |
|
|
|a a z 101zy
|
| 200 |
0 |
|
|a Т. 2
|
| 210 |
|
|
|d 2012
|
| 215 |
|
|
|a 367 с.
|c ил.
|
| 320 |
|
|
|a Библиография в конце докладов.
|
| 330 |
|
|
|a В сборник включены доклады V Всероссийской научно-практической конференции "Научная инициатива иностранных студентов и аспирантов российских вузов". Представлены статьи по секции «Актуальные проблемы инженерных наук».Представляет интерес для специалистов и исследователей в области математики, механики, геологии, информатики электротехники, информационных технологий и вычислительных систем, физики.
|
| 461 |
|
1 |
|0 (RuTPU)RU\TPU\book\270739
|t Научная инициатива иностранных студентов и аспирантов российских вузов
|o сборник докладов V Всероссийской научно-практической конференции, г. Томса, 25-27 апреля 2012 г.
|o в 2 т.
|f Национальный исследовательский Томский политехнический университет (ТПУ), Институт международного образования и языковой коммуникации (ИМОЯК)
|v Т. 2
|d 2012
|
| 606 |
1 |
|
|a Технические университеты
|x Общие вопросы
|2 stltpush
|3 (RuTPU)RU\TPU\subj\68014
|9 83567
|
| 606 |
1 |
|
|a Студенты
|x Научно-исследовательская работа
|2 stltpush
|3 (RuTPU)RU\TPU\subj\68806
|9 83939
|
| 610 |
1 |
|
|a высшее образование
|
| 610 |
1 |
|
|a вузы
|
| 610 |
1 |
|
|a инженерные науки
|
| 610 |
1 |
|
|a иностранные студенты
|
| 610 |
1 |
|
|a Россия
|
| 610 |
1 |
|
|a научно-исследовательская работа
|
| 610 |
1 |
|
|a естественные науки
|
| 610 |
1 |
|
|a социальные науки
|
| 610 |
1 |
|
|a экономика
|
| 610 |
1 |
|
|a гуманитарные науки
|
| 610 |
1 |
|
|a конференции
|
| 610 |
1 |
|
|a труды учёных ТПУ
|
| 686 |
|
|
|a Ч484(2)72л0
|v LBC/SL-A
|2 rubbk
|
| 686 |
|
|
|a Ч481.268л0
|v LBC/SL-A
|2 rubbk
|
| 801 |
|
1 |
|a RU
|b 63413507
|c 20091028
|
| 801 |
|
2 |
|a RU
|b 63413507
|c 20140129
|g RCR
|
| 942 |
|
|
|c BK
|